Normal view
MARC view
Entry Personal Name
001 - CONTROL NUMBER
- control field: 51412
003 - CONTROL NUMBER IDENTIFIER
- control field: ARRUPE
005 - DATE AND TIME OF LATEST TRANSACTION
- control field: 20220505090454.0
008 - FIXED-LENGTH DATA ELEMENTS
- fixed length control field: 220505|| aca||aabn | a|a d
040 ## - CATALOGING SOURCE
- Original cataloging agency: ARRUPE
- Transcribing agency: ARRUPE
100 ## - HEADING--PERSONAL NAME
- Personal name: Morris, Richard B.
- Fuller form of name: (Richard Brandon),
- Dates associated with a name: 1904-1989
670 ## - SOURCE DATA FOUND
- Source citation: Work cat.: (ARRUPE)131345: Morris, Richard B. (Richard Brandon), 1904-1989, ed., Encyclopedia of American history /, [1953]